[Event "Amateur Tournament (ATO)"]
[Site "https://www.chess.com"]
[Date "2025.07.23"]
[Round "8"]
[White "Rajendran, Ishaan"]
[Black "Ploder, Udo"]
[Result "1-0"]
[Board "13"]
[WhiteFideId "39910032"]
[BlackFideId "4699955"]
[WhiteElo "1725"]
[BlackElo "1886"]
[WhiteTeam "USA"]
[BlackTeam "GER"]
[WhiteClock "0:30:31"]
[BlackClock "0:01:28"]
[Variant "Standard"]

1. d4 {[%clk 1:30:51]}  Nf6 {[%clk 1:30:51]} 2. Nf3 {[%clk 1:31:14]}  c5 {[%clk 1:30:55]} 3. dxc5 {[%clk 1:31:42]}  g6 {[%clk 1:30:24]} 4. g3 {[%clk 1:31:12]}  Bg7 {[%clk 1:30:44]} 5. Bg2 {[%clk 1:31:29]}  O-O {[%clk 1:29:57]} 6. O-O {[%clk 1:31:46]}  Na6 {[%clk 1:29:50]} 7. Be3 {[%clk 1:25:38]}  Ng4 {[%clk 1:27:52]} 8. Bd4 {[%clk 1:24:59]}  e5 {[%clk 1:25:14]} 9. Bc3 {[%clk 1:23:53]}  Qc7 {[%clk 1:19:06]} 10. h3 {[%clk 1:21:55]}  Nh6 {[%clk 1:16:59]} 11. b4 {[%clk 1:16:19]}  Nf5 {[%clk 1:12:45]} 12. e4 {[%clk 1:15:22]}  Nd4 {[%clk 1:08:23]} 13. Nxd4 {[%clk 1:14:10]}  exd4 {[%clk 1:08:39]} 14. Bxd4 {[%clk 1:14:24]}  f6 {[%clk 0:57:41]} 15. a3 {[%clk 1:13:34]}  d6 {[%clk 0:56:52]} 16. cxd6 {[%clk 1:07:10]}  Qxd6 {[%clk 0:57:11]} 17. Nc3 {[%clk 1:06:58]}  Rd8 {[%clk 0:50:16]} 18. Nd5 {[%clk 1:05:58]}  Nc7 {[%clk 0:47:08]} 19. c4 {[%clk 1:04:44]}  Ne6 {[%clk 0:41:49]} 20. Bxf6 {[%clk 1:03:19]}  Bxf6 {[%clk 0:36:11]} 21. Nxf6+ {[%clk 1:03:24]}  Kf7 {[%clk 0:36:03]} 22. Nd5 {[%clk 1:03:01]}  Rf8 {[%clk 0:27:49]} 23. c5 {[%clk 1:00:59]}  Qa6 {[%clk 0:23:09]} 24. Qb3 {[%clk 0:59:06]}  Nd4 {[%clk 0:21:03]} 25. Qe3 {[%clk 0:58:03]}  Qc4 {[%clk 0:15:28]} 26. Qf4+ {[%clk 0:55:41]}  Kg8 {[%clk 0:11:23]} 27. Ne7+ {[%clk 0:54:06]}  Kg7 {[%clk 0:10:06]} 28. Qe5+ {[%clk 0:54:09]}  Kh6 {[%clk 0:08:50]} 29. g4 {[%clk 0:45:02]}  Qc3 {[%clk 0:05:11]} 30. g5+ {[%clk 0:44:35]}  Kh5 {[%clk 0:05:32]} 31. Qd6 {[%clk 0:40:56]}  Bxh3 {[%clk 0:03:37]} 32. Qh2 {[%clk 0:34:39]}  Rf3 {[%clk 0:03:57]} 33. Nd5 {[%clk 0:33:38]}  Qb3 {[%clk 0:03:20]} 34. Bxh3 {[%clk 0:32:25]}  Ne2+ {[%clk 0:01:01]} 35. Kg2 {[%clk 0:32:21]}  Kxg5 {[%clk 0:01:07]} 36. Qe5+ {[%clk 0:31:39]}  Kh6 {[%clk 0:01:28]} 37. Rh1 {[%clk 0:30:31]} 1-0

[Event "Amateur Tournament (ATO)"]
[Site "https://www.chess.com"]
[Date "2025.07.23"]
[Round "8"]
[White "Leuenberger, Urs"]
[Black "Pantillon, Patrick Andre"]
[Result "1-0"]
[Board "14"]
[WhiteFideId "1310585"]
[BlackFideId "1313266"]
[WhiteElo "1859"]
[BlackElo "1764"]
[WhiteTeam "SUI"]
[BlackTeam "SUI"]
[WhiteClock "0:30:55"]
[BlackClock "0:26:28"]
[Variant "Standard"]

1. d4 {[%clk 1:30:51]}  d5 {[%clk 1:30:16]} 2. c4 {[%clk 1:31:08]}  c6 {[%clk 1:30:23]} 3. cxd5 {[%clk 1:30:27]}  Qxd5 {[%clk 1:27:30]} 4. Nc3 {[%clk 1:30:27]}  Qa5 {[%clk 1:27:21]} 5. Nf3 {[%clk 1:29:27]}  Nd7 {[%clk 1:23:43]} 6. e3 {[%clk 1:26:44]}  Ngf6 {[%clk 1:22:52]} 7. Bd2 {[%clk 1:26:49]}  e6 {[%clk 1:14:33]} 8. Bd3 {[%clk 1:26:24]}  Qh5 {[%clk 1:03:51]} 9. h3 {[%clk 1:20:53]}  Bd6 {[%clk 1:00:25]} 10. Qe2 {[%clk 1:07:12]}  Nd5 {[%clk 0:55:40]} 11. Ne4 {[%clk 1:00:36]}  Bc7 {[%clk 0:52:15]} 12. g4 {[%clk 0:57:12]}  Qh6 {[%clk 0:49:27]} 13. h4 {[%clk 0:50:08]}  g6 {[%clk 0:47:52]} 14. O-O-O {[%clk 0:48:41]}  b5 {[%clk 0:39:31]} 15. Kb1 {[%clk 0:42:47]}  Qf8 {[%clk 0:37:25]} 16. Rc1 {[%clk 0:40:33]}  Bb7 {[%clk 0:36:34]} 17. h5 {[%clk 0:36:29]}  a5 {[%clk 0:34:24]} 18. Ne1 {[%clk 0:28:29]}  b4 {[%clk 0:28:05]} 19. f4 {[%clk 0:27:33]}  Ke7 {[%clk 0:24:26]} 20. Ng2 {[%clk 0:23:29]}  b3 {[%clk 0:19:05]} 21. a3 {[%clk 0:23:32]}  Bd6 {[%clk 0:12:23]} 22. Nxd6 {[%clk 0:23:22]}  Kxd6 {[%clk 0:12:38]} 23. e4 {[%clk 0:22:29]}  N5b6 {[%clk 0:09:32]} 24. f5 {[%clk 0:20:40]}  Qg7 {[%clk 0:05:18]} 25. Bf4+ {[%clk 0:14:30]}  e5 {[%clk 0:05:10]} 26. dxe5+ {[%clk 0:14:45]}  Nxe5 {[%clk 0:05:19]} 27. h6 {[%clk 0:12:31]}  Qf6 {[%clk 0:04:59]} 28. Qd2 {[%clk 0:07:08]}  Kc7 {[%clk 0:04:08]} 29. Nh4 {[%clk 0:05:51]}  Kc8 {[%clk 0:03:42]} 30. Qc3 {[%clk 0:05:15]}  Ned7 {[%clk 0:03:45]} 31. e5 {[%clk 0:05:09]}  Qe7 {[%clk 0:03:40]} 32. Be4 {[%clk 0:04:03]}  Nb8 {[%clk 0:03:00]} 33. e6 {[%clk 0:03:41]}  Rd8 {[%clk 0:02:16]} 34. Nf3 {[%clk 0:03:12]}  Nd5 {[%clk 0:02:14]} 35. Bxd5 {[%clk 0:03:24]}  Rxd5 {[%clk 0:02:35]} 36. Rhe1 {[%clk 0:02:54]}  f6 {[%clk 0:02:17]} 37. fxg6 {[%clk 0:02:32]}  hxg6 {[%clk 0:02:34]} 38. h7 {[%clk 0:02:17]}  Rd8 {[%clk 0:02:39]} 39. g5 {[%clk 0:01:51]}  Rf8 {[%clk 0:01:26]} 40. gxf6 {[%clk 0:01:51]}  Qxh7 {[%clk 0:01:18]} 41. Ng5 {[%clk 0:01:36]}  Qh8 {[%clk 0:28:22]} 42. Rh1 {[%clk 0:30:37]}  Qg8 {[%clk 0:26:28]} 43. f7 {[%clk 0:30:55]} 1-0

[Event "Amateur Tournament (ATO)"]
[Site "https://www.chess.com"]
[Date "2025.07.23"]
[Round "8"]
[White "Hirzel, Robin"]
[Black "Ye, Zhanting K."]
[Result "0-1"]
[Board "15"]
[WhiteFideId "1342320"]
[BlackFideId "2533235"]
[WhiteElo "1795"]
[BlackElo "1857"]
[WhiteTeam "SUI"]
[BlackTeam "IRL"]
[WhiteClock "1:15:53"]
[BlackClock "0:45:41"]
[Variant "Standard"]

1. e4 {[%clk 1:30:56]}  c5 {[%clk 1:27:52]} 2. Nc3 {[%clk 1:31:20]}  e6 {[%clk 1:26:56]} 3. f4 {[%clk 1:31:45]}  Nc6 {[%clk 1:24:11]} 4. Bb5 {[%clk 1:31:38]}  Nge7 {[%clk 1:24:14]} 5. Nf3 {[%clk 1:31:58]}  d5 {[%clk 1:24:02]} 6. d3 {[%clk 1:32:21]}  Bd7 {[%clk 1:23:35]} 7. O-O {[%clk 1:32:42]}  a6 {[%clk 1:23:40]} 8. Bxc6 {[%clk 1:33:01]}  Bxc6 {[%clk 1:23:32]} 9. Qe1 {[%clk 1:33:10]}  d4 {[%clk 1:13:52]} 10. Ne2 {[%clk 1:32:29]}  Qc7 {[%clk 1:10:57]} 11. f5 {[%clk 1:31:24]}  e5 {[%clk 1:05:05]} 12. Qg3 {[%clk 1:27:30]}  f6 {[%clk 1:04:32]} 13. Bd2 {[%clk 1:20:21]}  O-O-O {[%clk 1:03:19]} 14. a3 {[%clk 1:20:36]}  Kb8 {[%clk 0:58:38]} 15. b4 {[%clk 1:20:17]}  c4 {[%clk 0:58:34]} 16. dxc4 {[%clk 1:18:51]}  Bxe4 {[%clk 0:57:02]} 17. Nexd4 {[%clk 1:18:05]}  Qxc4 {[%clk 0:52:57]} 18. c3 {[%clk 1:17:33]}  Ka8 {[%clk 0:49:04]} 19. Ne6 {[%clk 1:17:08]}  Nxf5 {[%clk 0:48:31]} 20. Qg4 {[%clk 1:15:53]}  h5 {[%clk 0:45:41]} 0-1

[Event "Amateur Tournament (ATO)"]
[Site "https://www.chess.com"]
[Date "2025.07.23"]
[Round "8"]
[White "Anetov, Aisultan"]
[Black "Kalbermatter, Philipp"]
[Result "1-0"]
[Board "17"]
[WhiteFideId "13784943"]
[BlackFideId "1327976"]
[WhiteElo "1584"]
[BlackElo "1908"]
[WhiteTeam "KAZ"]
[BlackTeam "SUI"]
[WhiteClock "1:00:01"]
[BlackClock "0:01:19"]
[Variant "Standard"]

1. e4 {[%clk 1:30:09]}  e6 {[%clk 1:30:31]} 2. d4 {[%clk 1:30:34]}  d5 {[%clk 1:30:16]} 3. Nc3 {[%clk 1:29:38]}  Nc6 {[%clk 1:29:30]} 4. e5 {[%clk 1:30:00]}  f6 {[%clk 1:27:50]} 5. Nf3 {[%clk 1:30:19]}  Qe7 {[%clk 1:23:30]} 6. Bf4 {[%clk 1:24:29]}  Qf7 {[%clk 1:19:52]} 7. Bg3 {[%clk 1:21:29]}  a6 {[%clk 1:01:41]} 8. Be2 {[%clk 1:21:17]}  Nh6 {[%clk 1:00:17]} 9. exf6 {[%clk 1:21:02]}  gxf6 {[%clk 1:00:20]} 10. Ne5 {[%clk 1:20:10]}  Nxe5 {[%clk 0:57:43]} 11. dxe5 {[%clk 1:20:34]}  Kd8 {[%clk 0:50:43]} 12. Bh5 {[%clk 1:19:29]}  Qd7 {[%clk 0:42:33]} 13. Bh4 {[%clk 1:17:44]}  Rg8 {[%clk 0:36:50]} 14. exf6 {[%clk 1:17:17]}  Nf7 {[%clk 0:35:54]} 15. Qe2 {[%clk 1:10:52]}  Bh6 {[%clk 0:23:24]} 16. Rd1 {[%clk 1:09:33]}  Bg5 {[%clk 0:12:16]} 17. Nxd5 {[%clk 0:59:54]}  exd5 {[%clk 0:10:35]} 18. Bxf7 {[%clk 1:00:08]}  Qxf7 {[%clk 0:10:16]} 19. Rxd5+ {[%clk 1:00:31]}  Bd7 {[%clk 0:10:25]} 20. Rxg5 {[%clk 1:00:40]}  Rxg5 {[%clk 0:06:05]} 21. Bxg5 {[%clk 1:01:05]}  Kc8 {[%clk 0:05:47]} 22. Qe7 {[%clk 0:59:08]}  Qe6+ {[%clk 0:03:49]} 23. Qxe6 {[%clk 0:58:56]}  Bxe6 {[%clk 0:04:10]} 24. O-O {[%clk 0:59:19]}  Kd7 {[%clk 0:04:02]} 25. f4 {[%clk 0:59:39]}  Rg8 {[%clk 0:02:53]} 26. f5 {[%clk 0:58:50]}  Bd5 {[%clk 0:02:08]} 27. Rd1 {[%clk 0:58:58]}  Rxg5 {[%clk 0:02:06]} 28. Rxd5+ {[%clk 0:59:24]}  Ke8 {[%clk 0:02:24]} 29. f7+ {[%clk 0:59:15]}  Kxf7 {[%clk 0:01:03]} 30. Rd7+ {[%clk 0:59:39]}  Kf6 {[%clk 0:01:19]} 31. Rxc7 {[%clk 1:00:01]} 1-0

[Event "Amateur Tournament (ATO)"]
[Site "https://www.chess.com"]
[Date "2025.07.23"]
[Round "8"]
[White "Trzcinska, Wiktoria"]
[Black "Pinelli, Gian"]
[Result "0-1"]
[Board "18"]
[WhiteFideId "91111706"]
[BlackFideId "1348710"]
[WhiteElo "1568"]
[BlackElo "1841"]
[WhiteTeam "POL"]
[BlackTeam "SUI"]
[WhiteClock "0:27:13"]
[BlackClock "0:32:18"]
[Variant "Standard"]

1. e4 {[%clk 1:30:55]}  c6 {[%clk 1:30:54]} 2. d4 {[%clk 1:31:07]}  d5 {[%clk 1:31:14]} 3. exd5 {[%clk 1:30:50]}  cxd5 {[%clk 1:31:34]} 4. Nf3 {[%clk 1:30:48]}  Bg4 {[%clk 1:29:56]} 5. h3 {[%clk 1:30:24]}  Bxf3 {[%clk 1:28:33]} 6. Qxf3 {[%clk 1:29:29]}  Nc6 {[%clk 1:28:06]} 7. Be3 {[%clk 1:28:29]}  e6 {[%clk 1:27:35]} 8. c3 {[%clk 1:25:37]}  Nf6 {[%clk 1:24:16]} 9. Nd2 {[%clk 1:21:51]}  a6 {[%clk 1:22:33]} 10. Nb3 {[%clk 1:18:39]}  b5 {[%clk 1:20:50]} 11. Nc5 {[%clk 1:05:38]}  Qb6 {[%clk 1:13:33]} 12. b4 {[%clk 1:01:18]}  a5 {[%clk 1:11:15]} 13. a3 {[%clk 1:00:15]}  axb4 {[%clk 1:10:26]} 14. cxb4 {[%clk 0:58:58]}  Nxb4 {[%clk 1:10:20]} 15. Rb1 {[%clk 0:56:15]}  Nc2+ {[%clk 1:10:28]} 16. Kd2 {[%clk 0:54:26]}  Nxa3 {[%clk 1:10:53]} 17. Rb3 {[%clk 0:53:49]}  Nc4+ {[%clk 1:06:57]} 18. Bxc4 {[%clk 0:53:46]}  dxc4 {[%clk 1:07:22]} 19. Rb2 {[%clk 0:53:08]}  Nd5 {[%clk 1:06:02]} 20. Ke2 {[%clk 0:52:44]}  b4 {[%clk 1:04:54]} 21. Rc1 {[%clk 0:49:14]}  Qb5 {[%clk 1:03:40]} 22. Ke1 {[%clk 0:45:33]}  Ra3 {[%clk 1:02:45]} 23. Qe2 {[%clk 0:41:23]}  Rc3 {[%clk 0:47:59]} 24. Bd2 {[%clk 0:34:25]}  Rxc1+ {[%clk 0:47:51]} 25. Bxc1 {[%clk 0:34:32]}  Bxc5 {[%clk 0:47:31]} 26. dxc5 {[%clk 0:34:31]}  Qxc5 {[%clk 0:47:28]} 27. Be3 {[%clk 0:34:01]}  Nxe3 {[%clk 0:47:22]} 28. Qxe3 {[%clk 0:32:56]}  Qxe3+ {[%clk 0:47:46]} 29. fxe3 {[%clk 0:33:14]}  b3 {[%clk 0:48:07]} 30. Kd2 {[%clk 0:33:28]}  Kd7 {[%clk 0:48:29]} 31. Kc3 {[%clk 0:33:50]}  Rc8 {[%clk 0:48:40]} 32. Rd2+ {[%clk 0:33:44]}  Ke7 {[%clk 0:48:52]} 33. Rd4 {[%clk 0:32:34]}  e5 {[%clk 0:49:11]} 34. Rd5 {[%clk 0:32:09]}  Ke6 {[%clk 0:49:34]} 35. Ra5 {[%clk 0:32:21]}  h6 {[%clk 0:48:51]} 36. e4 {[%clk 0:31:59]}  Rc6 {[%clk 0:49:10]} 37. Ra8 {[%clk 0:32:07]}  Rb6 {[%clk 0:47:03]} 38. Ra1 {[%clk 0:31:58]}  Rc6 {[%clk 0:45:02]} 39. Ra8 {[%clk 0:31:40]}  Kd6 {[%clk 0:41:54]} 40. Rf8 {[%clk 0:31:35]}  f6 {[%clk 0:41:17]} 41. Rf7 {[%clk 0:30:51]}  Rc7 {[%clk 0:41:25]} 42. Rf8 {[%clk 0:29:58]}  Kc5 {[%clk 0:37:57]} 43. Rd8 {[%clk 0:29:55]}  h5 {[%clk 0:35:06]} 44. Rd6 {[%clk 0:28:58]}  Rc6 {[%clk 0:31:59]} 45. Rd7 {[%clk 0:27:52]}  Kb6 {[%clk 0:31:59]} 46. h4 {[%clk 0:27:13]}  g5 {[%clk 0:32:18]} 0-1

[Event "Amateur Tournament (ATO)"]
[Site "https://www.chess.com"]
[Date "2025.07.23"]
[Round "8"]
[White "Wegelin, Reinhard"]
[Black "Hasini Kamabathula"]
[Result "0-1"]
[Board "19"]
[WhiteFideId "1305778"]
[BlackFideId "25712837"]
[WhiteElo "1812"]
[BlackElo "1624"]
[WhiteTeam "SUI"]
[BlackTeam "IND"]
[WhiteClock "0:31:14"]
[BlackClock "0:37:00"]
[Variant "Standard"]

1. Nf3 {[%clk 1:30:50]}  d5 {[%clk 1:30:56]} 2. b3 {[%clk 1:31:11]}  Nf6 {[%clk 1:31:19]} 3. Bb2 {[%clk 1:31:34]}  e6 {[%clk 1:31:44]} 4. e3 {[%clk 1:31:34]}  Be7 {[%clk 1:32:00]} 5. c4 {[%clk 1:31:06]}  O-O {[%clk 1:32:21]} 6. Be2 {[%clk 1:30:56]}  c5 {[%clk 1:31:45]} 7. O-O {[%clk 1:30:05]}  b6 {[%clk 1:31:27]} 8. d4 {[%clk 1:29:40]}  dxc4 {[%clk 1:29:15]} 9. Bxc4 {[%clk 1:29:05]}  cxd4 {[%clk 1:29:29]} 10. Nxd4 {[%clk 1:28:10]}  Bb7 {[%clk 1:29:21]} 11. Qe2 {[%clk 1:27:51]}  Nc6 {[%clk 1:25:49]} 12. Rd1 {[%clk 1:26:27]}  Qc8 {[%clk 1:23:37]} 13. Nd2 {[%clk 1:16:03]}  Nxd4 {[%clk 1:21:10]} 14. exd4 {[%clk 1:13:55]}  Bd5 {[%clk 1:17:45]} 15. Rac1 {[%clk 1:11:46]}  Bxc4 {[%clk 1:13:39]} 16. Nxc4 {[%clk 1:11:28]}  Qb7 {[%clk 1:11:41]} 17. Ne5 {[%clk 1:10:33]}  Rac8 {[%clk 1:10:38]} 18. h3 {[%clk 1:09:10]}  Rxc1 {[%clk 1:05:55]} 19. Rxc1 {[%clk 1:08:59]}  Rc8 {[%clk 1:06:16]} 20. Qd1 {[%clk 1:07:35]}  Nd5 {[%clk 1:04:53]} 21. Rc4 {[%clk 1:04:57]}  b5 {[%clk 1:00:19]} 22. Rxc8+ {[%clk 1:03:24]}  Qxc8 {[%clk 1:00:47]} 23. a3 {[%clk 0:59:22]}  Bf6 {[%clk 0:54:06]} 24. Nf3 {[%clk 0:54:54]}  Qc6 {[%clk 0:51:59]} 25. Qd2 {[%clk 0:53:34]}  Qc7 {[%clk 0:47:45]} 26. Kf1 {[%clk 0:46:17]}  Kf8 {[%clk 0:48:23]} 27. Ke2 {[%clk 0:45:53]}  Ke7 {[%clk 0:48:17]} 28. g3 {[%clk 0:45:05]}  Kd6 {[%clk 0:47:22]} 29. Kd3 {[%clk 0:38:57]}  Ne7 {[%clk 0:45:31]} 30. g4 {[%clk 0:36:17]}  g6 {[%clk 0:41:30]} 31. g5 {[%clk 0:32:14]}  Bg7 {[%clk 0:42:23]} 32. h4 {[%clk 0:31:14]}  Bh8 {[%clk 0:37:00]} 0-1

[Event "Amateur Tournament (ATO)"]
[Site "https://www.chess.com"]
[Date "2025.07.23"]
[Round "8"]
[White "Perego, Jonas Gion"]
[Black "Michel, Jean-claude"]
[Result "1/2-1/2"]
[Board "20"]
[WhiteFideId "1354680"]
[BlackFideId "1301241"]
[WhiteElo "1792"]
[BlackElo "1730"]
[WhiteTeam "SUI"]
[BlackTeam "SUI"]
[WhiteClock "0:16:20"]
[BlackClock "0:26:21"]
[Variant "Standard"]

1. Nf3 {[%clk 1:30:55]}  Nf6 {[%clk 1:30:35]} 2. b3 {[%clk 1:31:21]}  d6 {[%clk 1:30:58]} 3. Bb2 {[%clk 1:31:33]}  e5 {[%clk 1:31:18]} 4. d3 {[%clk 1:30:18]}  Nbd7 {[%clk 1:30:19]} 5. Nbd2 {[%clk 1:30:09]}  Be7 {[%clk 1:28:55]} 6. e4 {[%clk 1:30:07]}  Nc5 {[%clk 1:25:23]} 7. Be2 {[%clk 1:29:47]}  Bg4 {[%clk 1:25:26]} 8. O-O {[%clk 1:29:30]}  Ne6 {[%clk 1:23:19]} 9. Nc4 {[%clk 1:24:35]}  Nf4 {[%clk 1:21:55]} 10. Ne3 {[%clk 1:24:23]}  O-O {[%clk 1:16:28]} 11. Nxg4 {[%clk 1:21:59]}  Nxg4 {[%clk 1:16:49]} 12. h3 {[%clk 1:22:08]}  Nh6 {[%clk 1:14:12]} 13. d4 {[%clk 1:17:29]}  Nxe2+ {[%clk 1:06:57]} 14. Qxe2 {[%clk 1:17:40]}  exd4 {[%clk 1:07:19]} 15. Bxd4 {[%clk 1:15:51]}  Bf6 {[%clk 1:06:13]} 16. Qc4 {[%clk 1:13:49]}  Bxd4 {[%clk 0:59:46]} 17. Nxd4 {[%clk 1:13:42]}  Qe7 {[%clk 0:59:20]} 18. Rfe1 {[%clk 1:11:38]}  c6 {[%clk 0:57:07]} 19. Rad1 {[%clk 1:09:35]}  Rad8 {[%clk 0:53:37]} 20. a4 {[%clk 0:56:53]}  Rfe8 {[%clk 0:52:10]} 21. Re3 {[%clk 0:51:14]}  Qh4 {[%clk 0:41:54]} 22. Rde1 {[%clk 0:45:04]}  Kh8 {[%clk 0:39:58]} 23. R1e2 {[%clk 0:33:57]}  g6 {[%clk 0:36:55]} 24. Qc3 {[%clk 0:33:03]}  Kg8 {[%clk 0:34:23]} 25. Nf3 {[%clk 0:30:56]}  Qe7 {[%clk 0:33:49]} 26. Qa5 {[%clk 0:29:45]}  b6 {[%clk 0:33:27]} 27. Qc3 {[%clk 0:29:49]}  c5 {[%clk 0:32:25]} 28. Qd2 {[%clk 0:25:36]}  f6 {[%clk 0:32:22]} 29. Qd5+ {[%clk 0:22:51]}  Nf7 {[%clk 0:31:52]} 30. Nd2 {[%clk 0:22:26]}  Kg7 {[%clk 0:31:09]} 31. Nc4 {[%clk 0:21:47]}  Qe6 {[%clk 0:29:17]} 32. Rd2 {[%clk 0:20:14]}  Qxd5 {[%clk 0:22:02]} 33. Rxd5 {[%clk 0:20:06]}  Rd7 {[%clk 0:21:08]} 34. f3 {[%clk 0:18:05]}  Re6 {[%clk 0:14:16]} 35. Red3 {[%clk 0:17:39]}  Kf8 {[%clk 0:13:43]} 36. Kf2 {[%clk 0:15:31]}  Ke7 {[%clk 0:14:06]} 37. Rd1 {[%clk 0:14:23]}  Ne5 {[%clk 0:11:55]} 38. Ne3 {[%clk 0:14:17]}  Nc6 {[%clk 0:11:14]} 39. c3 {[%clk 0:13:41]}  Re5 {[%clk 0:10:05]} 40. Rb1 {[%clk 0:12:20]}  Rxd5 {[%clk 0:07:38]} 41. Nxd5+ {[%clk 0:12:26]}  Ke6 {[%clk 0:07:56]} 42. Nf4+ {[%clk 0:05:27]}  Ke7 {[%clk 0:07:21]} 43. h4 {[%clk 0:04:34]}  Ne5 {[%clk 0:05:58]} 44. Ke3 {[%clk 0:02:39]}  Kf7 {[%clk 0:04:23]} 45. h5 {[%clk 0:01:02]}  g5 {[%clk 0:03:57]} 46. Nd5 {[%clk 0:00:49]}  h6 {[%clk 0:33:16]} 47. g4 {[%clk 0:28:09]}  Ke6 {[%clk 0:32:40]} 48. Rd1 {[%clk 0:27:02]}  Rb7 {[%clk 0:29:23]} 49. Ra1 {[%clk 0:25:36]}  a6 {[%clk 0:27:56]} 50. Ke2 {[%clk 0:20:53]}  Nc6 {[%clk 0:26:23]} 51. Ne3 {[%clk 0:19:40]}  Ne7 {[%clk 0:26:21]} 52. Kf2 {[%clk 0:16:20]} 1/2-1/2

[Event "Amateur Tournament (ATO)"]
[Site "https://www.chess.com"]
[Date "2025.07.23"]
[Round "8"]
[White "Nuh Nizar Hilmi"]
[Black "Ehrsam, Andreas"]
[Result "1/2-1/2"]
[Board "21"]
[WhiteFideId "48754498"]
[BlackFideId "1317393"]
[WhiteElo "1521"]
[BlackElo "1774"]
[WhiteTeam "IND"]
[BlackTeam "SUI"]
[WhiteClock "0:38:22"]
[BlackClock "1:07:14"]
[Variant "Standard"]

1. d4 {[%clk 1:29:57]}  d5 {[%clk 1:30:34]} 2. Nf3 {[%clk 1:28:26]}  Nf6 {[%clk 1:30:52]} 3. c4 {[%clk 1:27:29]}  e6 {[%clk 1:31:05]} 4. g3 {[%clk 1:27:26]}  b6 {[%clk 1:30:49]} 5. Bg2 {[%clk 1:27:03]}  Bb7 {[%clk 1:31:04]} 6. O-O {[%clk 1:26:00]}  Be7 {[%clk 1:31:12]} 7. Bg5 {[%clk 1:25:03]}  O-O {[%clk 1:26:11]} 8. Qc2 {[%clk 1:24:13]}  h6 {[%clk 1:25:43]} 9. Bxf6 {[%clk 1:20:15]}  Bxf6 {[%clk 1:26:08]} 10. Nbd2 {[%clk 1:18:41]}  Nd7 {[%clk 1:23:19]} 11. Rfd1 {[%clk 1:16:22]}  Rc8 {[%clk 1:18:03]} 12. Rac1 {[%clk 1:10:51]}  c5 {[%clk 1:16:41]} 13. e3 {[%clk 1:07:25]}  cxd4 {[%clk 1:14:33]} 14. exd4 {[%clk 1:03:41]}  dxc4 {[%clk 1:13:18]} 15. Ng5 {[%clk 0:57:34]}  Bxg5 {[%clk 1:11:57]} 16. Bxb7 {[%clk 0:55:55]}  Rc7 {[%clk 1:11:23]} 17. Bg2 {[%clk 0:53:16]}  b5 {[%clk 1:10:49]} 18. f4 {[%clk 0:50:24]}  Be7 {[%clk 1:10:57]} 19. a4 {[%clk 0:47:58]}  a6 {[%clk 1:08:10]} 20. Ne4 {[%clk 0:42:56]}  Qb8 {[%clk 1:07:14]} 21. Nc3 {[%clk 0:38:22]} 1/2-1/2

[Event "Amateur Tournament (ATO)"]
[Site "https://www.chess.com"]
[Date "2025.07.23"]
[Round "8"]
[White "Navarini, Vincent"]
[Black "Steiner, Philippe"]
[Result "1/2-1/2"]
[Board "22"]
[WhiteFideId "1345249"]
[BlackFideId "1312340"]
[WhiteElo "1731"]
[BlackElo "1864"]
[WhiteTeam "SUI"]
[BlackTeam "SUI"]
[WhiteClock "0:21:27"]
[BlackClock "0:47:04"]
[Variant "Standard"]

1. d4 {[%clk 1:15:31]}  d5 {[%clk 1:30:53]} 2. c4 {[%clk 1:15:58]}  e6 {[%clk 1:31:11]} 3. Nc3 {[%clk 1:16:24]}  Nf6 {[%clk 1:31:27]} 4. cxd5 {[%clk 1:16:48]}  exd5 {[%clk 1:31:44]} 5. Bg5 {[%clk 1:17:13]}  Be7 {[%clk 1:31:57]} 6. e3 {[%clk 1:17:37]}  O-O {[%clk 1:31:30]} 7. Bd3 {[%clk 1:18:02]}  c6 {[%clk 1:30:57]} 8. Nge2 {[%clk 1:16:16]}  Nbd7 {[%clk 1:30:36]} 9. O-O {[%clk 1:13:58]}  h6 {[%clk 1:30:05]} 10. Bh4 {[%clk 0:56:34]}  Re8 {[%clk 1:18:24]} 11. f3 {[%clk 0:44:13]}  Nh7 {[%clk 1:09:43]} 12. Bg3 {[%clk 0:38:52]}  Bg5 {[%clk 1:06:44]} 13. e4 {[%clk 0:36:54]}  dxe4 {[%clk 1:06:01]} 14. fxe4 {[%clk 0:36:52]}  Nb6 {[%clk 1:04:32]} 15. Bf2 {[%clk 0:33:17]}  Bg4 {[%clk 1:02:58]} 16. Qc2 {[%clk 0:32:56]}  Nf8 {[%clk 1:01:10]} 17. h3 {[%clk 0:30:50]}  Bh5 {[%clk 1:01:12]} 18. e5 {[%clk 0:29:54]}  Bg6 {[%clk 0:56:13]} 19. Ne4 {[%clk 0:28:20]}  Nd5 {[%clk 0:54:30]} 20. Qb3 {[%clk 0:23:25]}  Bxe4 {[%clk 0:49:50]} 21. Bxe4 {[%clk 0:23:40]}  Rb8 {[%clk 0:48:44]} 22. Ng3 {[%clk 0:21:27]}  g6 {[%clk 0:47:04]} 1/2-1/2

[Event "Amateur Tournament (ATO)"]
[Site "https://www.chess.com"]
[Date "2025.07.23"]
[Round "8"]
[White "Christoffersen, Odd"]
[Black "Nergard, Ole-Kristian"]
[Result "1-0"]
[Board "23"]
[WhiteFideId "1506129"]
[BlackFideId "1543156"]
[WhiteElo "1728"]
[BlackElo "1837"]
[WhiteTeam "NOR"]
[BlackTeam "NOR"]
[WhiteClock "0:15:32"]
[BlackClock "0:13:44"]
[Variant "Standard"]

1. e4 {[%clk 1:30:36]}  e5 {[%clk 1:23:23]} 2. Nc3 {[%clk 1:30:39]}  Nf6 {[%clk 1:23:14]} 3. Bc4 {[%clk 1:30:50]}  Nxe4 {[%clk 1:21:47]} 4. Qh5 {[%clk 1:30:40]}  Nd6 {[%clk 1:21:17]} 5. Bb3 {[%clk 1:30:23]}  Nc6 {[%clk 1:19:34]} 6. Nb5 {[%clk 1:28:52]}  g6 {[%clk 1:17:47]} 7. Qf3 {[%clk 1:23:07]}  Nf5 {[%clk 1:14:28]} 8. Qd5 {[%clk 1:21:32]}  Nh6 {[%clk 1:14:03]} 9. d4 {[%clk 1:17:51]}  Qe7 {[%clk 1:13:05]} 10. Nxc7+ {[%clk 1:17:08]}  Kd8 {[%clk 1:13:04]} 11. Nb5 {[%clk 1:17:08]}  Ke8 {[%clk 1:13:04]} 12. Nc7+ {[%clk 1:17:08]}  Kd8 {[%clk 1:13:32]} 13. Nxa8 {[%clk 1:17:07]}  exd4+ {[%clk 1:12:05]} 14. Kd1 {[%clk 1:13:44]}  d6 {[%clk 1:11:54]} 15. f3 {[%clk 1:09:12]}  Be6 {[%clk 1:08:36]} 16. Qe4 {[%clk 1:08:16]}  Bg7 {[%clk 1:06:45]} 17. Bxe6 {[%clk 1:05:00]}  fxe6 {[%clk 1:06:08]} 18. Nh3 {[%clk 1:03:58]}  Kd7 {[%clk 1:06:15]} 19. Bg5 {[%clk 1:02:47]}  Qf7 {[%clk 1:06:22]} 20. b4 {[%clk 0:59:04]}  d5 {[%clk 0:59:59]} 21. Qf4 {[%clk 0:54:09]}  Qxf4 {[%clk 0:59:41]} 22. Bxf4 {[%clk 0:53:53]}  Rxa8 {[%clk 0:56:13]} 23. Rb1 {[%clk 0:53:45]}  Nf5 {[%clk 0:54:43]} 24. Re1 {[%clk 0:51:40]}  h6 {[%clk 0:51:06]} 25. Nf2 {[%clk 0:49:16]}  e5 {[%clk 0:48:30]} 26. Bd2 {[%clk 0:49:17]}  Re8 {[%clk 0:47:51]} 27. b5 {[%clk 0:47:15]}  Nd8 {[%clk 0:47:30]} 28. b6 {[%clk 0:42:58]}  a6 {[%clk 0:47:34]} 29. Nd3 {[%clk 0:42:27]}  Nc6 {[%clk 0:39:05]} 30. Nc5+ {[%clk 0:33:01]}  Kc8 {[%clk 0:39:24]} 31. c3 {[%clk 0:30:54]}  Nh4 {[%clk 0:29:35]} 32. cxd4 {[%clk 0:29:34]}  Nxd4 {[%clk 0:29:58]} 33. Rb4 {[%clk 0:24:05]}  Nxg2 {[%clk 0:24:56]} 34. Rxd4 {[%clk 0:21:48]}  Nxe1 {[%clk 0:25:15]} 35. Rxd5 {[%clk 0:21:58]}  Nxf3 {[%clk 0:25:19]} 36. Rd7 {[%clk 0:21:30]}  Rd8 {[%clk 0:14:33]} 37. Rc7+ {[%clk 0:20:49]}  Kb8 {[%clk 0:14:58]} 38. Rxb7+ {[%clk 0:20:47]}  Kc8 {[%clk 0:15:07]} 39. Rxg7 {[%clk 0:16:38]}  Rxd2+ {[%clk 0:14:51]} 40. Kc1 {[%clk 0:16:51]}  Rd8 {[%clk 0:13:44]} 41. Rc7+ {[%clk 0:15:32]} 1-0